Condiciones generales de la incorporación de tecnología en la producción cafetalera de Costa Rica /
Furkejuvvon:
| Váldodahkki: | |
|---|---|
| Eará dahkkit: | |
| Materiálatiipa: | Texto |
| Almmustuhtton: |
San Pedro de M. de O.:
UCR. IIS
|
| Fáddágilkorat: |
Lasit fáddágilkoriid
Eai fáddágilkorat, Lasit vuosttaš fáddágilkora!
|
MARC
| LEADER | 00000 a a2200000 04500 | ||
|---|---|---|---|
| 001 | 15046 | ||
| 003 | |||
| 040 | |||
| 090 | |a 023900 | ||
| 100 | |a Fernández Arias, Mario E. | ||
| 245 | |a Condiciones generales de la incorporación de tecnología en la producción cafetalera de Costa Rica / |c Mario E. Fernández Arias | ||
| 260 | |a San Pedro de M. de O.: |b UCR. IIS | ||
| 300 | |a 31 p. | ||
| 700 | |a Alvarado Vargas, Asdrúbal | ||
| 999 | |c 11365 |d 11365 | ||
